| 000 | 00721nam a2200169 a 4500 | ||
|---|---|---|---|
| 008 | 120416s1996 ||||||||||||||||| || u | ||
| 050 | _aJS 145 Urb | ||
| 100 | _aDavey, Kenneth | ||
| 245 | 1 | 0 | _aUrban management |
| 246 | _athe challenge of growth | ||
| 260 |
_aAldershot _bAvebury _c1996 |
||
| 350 | _a0.00 | ||
| 650 | _aURBAN GROWTH--MANAGEMENT | ||
| 650 | _aURBANIZATION--ASIA, WESTERN | ||
| 995 |
_aANNEX COLLECTION (Main Library) _D0.00 _e731167 _FCBU-MAIN LIBRARY (Kitwe) _H1 _I7.00 _jJS 145 Urb _M1 _UAVAILABLE _WMay 24, 2006 _y028370 _ZAnnex Low-Usage Collection |
||
| 995 |
_aMAIN LIBRARY OPEN ACCESS _D0.00 _e731168 _FCBU-MAIN LIBRARY (Kitwe) _H2 _I7.00 _jJS 145 Urb _M2 _UAVAILABLE _y028371 _ZMain Library Open Access Collection |
||
| 999 |
_c78569 _d78569 |
||